[Event "Barcelona op rap"]
[Site "?"]
[Date "1996.12.15"]
[Round "?"]
[White "De La Riva Aguado, Oscar"]
[Black "Illescas Cordoba, Miguel"]
[WhiteElo "2490"]
[BlackElo "2640"]
[Result "1-0"]

1. e4 c5 2. Nf3 Nc6 3. c3 e6 4. d4 d5 5. exd5 exd5 6. Bb5 Bd6 7. dxc5 Bxc5 8. O-O Ne7 9. Nbd2 O-O 10. Nb3 Bd6 11. Bd3 h6 12. h3 a6 13. Re1 Nf5 14. Bc2 Qf6 15. Be3 Nxe3 16. Rxe3 Bf4 17. Re1 Be6 18. Nbd4 Bd7 19. Ne2 Bc7 20. Qxd5 Rad8 21. Qh5 Bb6 22. Ng3 Be6 23. Ne4 Qf4 24. g3 Qc7 25. Qh4 Nb4 26. Bb3 Nd3 27. Re2 Bxb3 28. axb3 f5 29. Ned2 f4 30. g4 Rde8 

1-0

[Event "Championship CAT"]
[Site "?"]
[Date "2014.01.25"]
[Round "?"]
[White "De La Riva Aguado, Oscar"]
[Black "Cordova, Emilio"]
[WhiteElo "2526"]
[BlackElo "2609"]
[Result "1-0"]

1. e4 e6 2. d4 d5 3. Nc3 Nf6 4. Bg5 dxe4 5. Nxe4 Nbd7 6. Nf3 h6 7. Nxf6+ Nxf6 8. Bh4 c5 9. Bb5+ Bd7 10. Bxd7+ Qxd7 11. Qe2 cxd4 12. O-O-O Bc5 13. Nxd4 Bxd4 14. Bxf6 gxf6 15. c3 Rc8 16. Kb1 Qc6 17. Rxd4 Qxg2 18. Rhd1 a6 19. Ka1 h5 20. R4d3 h4 21. Qd2 O-O 22. Qc1 Kh7 23. Rg1 Qxf2 24. Rf1 Qg2 25. Rxf6 Rc5 26. Rh6+ Kg7 27. Rxh4 Rg5 28. Rg3 

1-0

[Event "Canete"]
[Site "?"]
[Date "1994.??.??"]
[Round "?"]
[White "De La Riva Aguado, Oscar"]
[Black "Campora, Daniel H"]
[WhiteElo "2420"]
[BlackElo "2560"]
[Result "1-0"]

1. e4 e5 2. Nf3 d6 3. d4 Nf6 4. dxe5 Nxe4 5. Qd5 Nc5 6. Bg5 f6 7. exf6 gxf6 8. Be3 Be6 9. Qh5+ Bf7 10. Qh4 Nbd7 11. Nc3 c6 12. Nd4 Qa5 13. Be2 O-O-O 14. O-O Re8 15. Nb3 Qc7 16. Nxc5 Nxc5 17. b4 Nd7 18. Rab1 Rg8 19. Rfd1 Ne5 20. b5 Bc4 21. Qh5 Bf7 22. Qh4 Bc4 23. Qh5 Bf7 24. Qf5+ Be6 25. Qf4 f5 26. g3 c5 27. b6 axb6 28. Nb5 Qb8 29. Qa4 Bd7 30. Bh5 Re6 31. Bf4 Ng6 32. Bf3 Nxf4 33. Qxf4 Re5 34. Nc3 Bc6 35. Nd5 b5 36. Re1 Bg7 37. Rxe5 Bxe5 38. Qxf5+ Kd8 39. Qxh7 Bxd5 40. Bxd5 Rh8 41. Qd3 c4 42. Qe3 Qc7 43. Qa7 b6 44. Qa6 Bd4 45. Kg2 Rf8 46. Qa8+ Ke7 47. Re1+ Be5 48. Qa3 Kf6 49. f4 Bd4 50. Re6+ Kg7 51. Qf3 

1-0

[Event "Benasque op"]
[Site "?"]
[Date "1997.??.??"]
[Round "?"]
[White "De La Riva Aguado, Oscar"]
[Black "Hernandez, Gilberto"]
[WhiteElo "2480"]
[BlackElo "2540"]
[Result "1-0"]

1. e4 c5 2. Nf3 d6 3. d4 cxd4 4. Nxd4 Nf6 5. Nc3 Nc6 6. Bg5 e6 7. Qd2 a6 8. O-O-O Bd7 9. f3 b5 10. Kb1 Be7 11. h4 Qa5 12. g4 Nxd4 13. Qxd4 b4 14. Ne2 e5 15. Qd2 Be6 16. Nc1 O-O 17. Bxf6 Bxf6 18. g5 Be7 19. Bh3 Rad8 20. Bxe6 fxe6 21. Qg2 Qc7 22. Qg4 Qc4 23. b3 Qc8 24. Nd3 Rde8 25. Nxb4 Bd8 26. Nd3 Bb6 27. Nb2 Rf4 28. Qh3 Bd4 29. Rd3 a5 30. Na4 Qc6 31. Rhd1 d5 32. exd5 exd5 33. c3 Bf2 34. Rxd5 Bxh4 35. Nc5 a4 36. Ne4 axb3 37. axb3 Qb6 38. Kb2 Rb8 39. b4 Bxg5 40. Rd6 Qb5 41. Qe6+ Kh8 42. Nxg5 

1-0

[Event "Castellar op"]
[Site "?"]
[Date "1995.??.??"]
[Round "?"]
[White "De La Riva Aguado, Oscar"]
[Black "Gofshtein, Leonid"]
[WhiteElo "2430"]
[BlackElo "2535"]
[Result "1-0"]

1. e4 c5 2. Nf3 d6 3. d4 cxd4 4. Nxd4 Nf6 5. Nc3 e6 6. Be3 a6 7. f3 b5 8. g4 Nfd7 9. Qd2 Nb6 10. O-O-O N8d7 11. Bd3 Bb7 12. g5 Rc8 13. Kb1 Be7 14. h4 Ne5 15. f4 Nec4 16. Qf2 Nxe3 17. Qxe3 b4 18. Nce2 Qc7 19. h5 Nc4 20. Qg3 O-O 21. Qh3 Rfe8 22. g6 Bf6 23. Rhf1 fxg6 24. hxg6 h6 25. Nxe6 Qb6 26. Bxc4 Rxc4 27. Qb3 Bxe4 28. Qxc4 d5 29. Qb3 Qxe6 30. Ng3 Bg2 31. Rg1 Qg4 32. Qd3 Bf3 33. Rdf1 Be4 34. Nxe4 dxe4 35. Qxe4 Rxe4 36. Rxg4 h5 37. Rgg1 h4 38. Re1 Rxe1+ 39. Rxe1 Kf8 40. Kc1 Bd4 41. Re2 Bg1 42. Rg2 Be3+ 43. Kd1 Bd4 44. Rh2 

1-0

[Event "4th ch-IberoAmerican Final Group B"]
[Site "?"]
[Date "2012.04.20"]
[Round "?"]
[White "De La Riva Aguado, Oscar"]
[Black "Barrientos, Sergio E"]
[WhiteElo "2545"]
[BlackElo "2519"]
[Result "1-0"]

1. e4 c5 2. Nf3 e6 3. b3 Nf6 4. e5 Nd5 5. Bb2 Nc6 6. g3 Be7 7. Bg2 O-O 8. O-O d6 9. exd6 Qxd6 10. d4 Bf6 11. Nbd2 Nxd4 12. Ne4 Qb6 13. Nxf6+ Nxf6 14. Nxd4 Rd8 15. Qe2 cxd4 16. Rad1 Qc5 17. Rfe1 Rb8 18. c3 b6 19. Rxd4 Rxd4 20. cxd4 Qf8 21. Qe5 Bd7 22. Ba3 Qe8 23. Qd6 Rd8 24. Qc7 Rc8 25. Qxa7 Bc6 26. Qxb6 Bxg2 27. Kxg2 Rc2 28. Qb7 Rc8 29. Rc1 Rb8 30. Qe7 Qb5 31. Rc7 Qd5+ 32. f3 Qh5 33. Qc5 g5 34. Rc8+ Rxc8 35. Qxc8+ Kg7 36. Bf8+ 

1-0

[Event "Spanish Championship Group B"]
[Site "?"]
[Date "2004.08.15"]
[Round "?"]
[White "De La Riva Aguado, Oscar"]
[Black "Del Rio Angelis, S"]
[WhiteElo "2552"]
[BlackElo "2502"]
[Result "1-0"]

1. e4 c5 2. Nf3 d6 3. d4 cxd4 4. Nxd4 Nf6 5. Nc3 a6 6. Be3 Nc6 7. f3 e6 8. g4 Be7 9. Qd2 O-O 10. O-O-O Nxd4 11. Qxd4 Nd7 12. Kb1 b5 13. g5 Rb8 14. h4 b4 15. Na4 Ne5 16. f4 Ng4 17. b3 Qc7 18. Bc4 e5 19. Qd2 d5 20. exd5 Nxe3 21. Qxe3 exf4 22. Qd4 Bd6 23. h5 f6 24. gxf6 Rxf6 25. h6 Bf5 26. hxg7 Rg6 27. Bd3 Bxd3 28. Qxd3 Qxg7 29. Nb2 Rf8 30. Rhf1 Qc3 31. Nc4 f3 32. Qe4 f2 33. Nxd6 Rxd6 34. Rd3 Qf6 35. Qxb4 Qg6 36. Qc3 Qg1 37. Rg3+ Rg6 38. Rfxg1 fxg1=Q+ 39. Rxg1 Rxg1+ 40. Kb2 Rg6 41. Qe5 Rf2 42. Qb8+ Rf8 43. Qc7 Rf7 44. Qc5 Rff6 45. c4 h5 46. Qd4 a5 47. Ka3 Kf7 48. c5 

1-0

[Event "LXVIII Spanish Championship Gp B"]
[Site "?"]
[Date "2003.10.28"]
[Round "?"]
[White "De La Riva Aguado, Oscar"]
[Black "Rodriguez Guerrero, Enrique"]
[WhiteElo "2549"]
[BlackElo "2485"]
[Result "1-0"]

1. e4 e6 2. d3 d5 3. Nd2 Nf6 4. Ngf3 c5 5. g3 Nc6 6. Bg2 Be7 7. O-O O-O 8. Re1 b5 9. e5 Nd7 10. Nf1 a5 11. h4 b4 12. N1h2 a4 13. h5 Ba6 14. h6 g6 15. a3 Bb5 16. Ng4 Rc8 17. Bf4 Re8 18. Qd2 Bf8 19. Bg5 Qc7 20. axb4 cxb4 21. Qf4 Qb6 22. Bf1 Ra8 23. Bf6 Ne7 24. Bg7 Nf5 25. Bxf8 Rxf8 26. Qxb4 Rab8 27. Qf4 Bc6 28. Rab1 Qc5 29. c3 a3 30. d4 Qe7 31. b4 Bb5 32. Bxb5 Rxb5 33. Ra1 Ra8 34. Qc1 Qf8 35. Rxa3 Rc8 36. Qd2 Nb6 37. Ra7 Ra8 38. Rea1 Rxa7 39. Rxa7 Nc8 40. Ra8 Rb7 41. Ng5 Rc7 42. Nf6+ Kh8 43. Nfxh7 

1-0

[Event "8th Syre Memorial op"]
[Site "?"]
[Date "1995.05.??"]
[Round "?"]
[White "De La Riva Aguado, Oscar"]
[Black "Rotstein, Arkadij"]
[WhiteElo "2430"]
[BlackElo "2485"]
[Result "1-0"]

1. e4 c5 2. Nf3 e6 3. d4 cxd4 4. Nxd4 Nf6 5. Nc3 d6 6. Be3 a6 7. f3 Be7 8. Qd2 O-O 9. O-O-O b5 10. g4 Bb7 11. h4 Nc6 12. Kb1 Qc7 13. g5 Nd7 14. h5 Nde5 15. Qg2 b4 16. Nce2 Nc4 17. Bc1 d5 18. g6 Bf6 19. h6 fxg6 20. hxg7 Rfe8 21. Nxe6 Qe5 22. N2d4 Nxd4 23. Nxd4 Bxg7 24. Qh3 h5 25. f4 Qxe4 26. Bg2 Qe7 27. f5 Rad8 28. fxg6 Qe5 29. Qh4 Bf6 30. Qf2 Kg7 31. Bf4 Qe7 32. Nf5+ 

1-0

[Event "LXVIII Spanish Championship Final"]
[Site "?"]
[Date "2003.10.01"]
[Round "?"]
[White "De La Riva Aguado, Oscar"]
[Black "Del Rio Angelis, S"]
[WhiteElo "2549"]
[BlackElo "2480"]
[Result "1-0"]

1. e4 c5 2. Nf3 e6 3. d4 cxd4 4. Nxd4 a6 5. Bd3 Nc6 6. Nxc6 bxc6 7. O-O Qc7 8. c4 c5 9. Nc3 Ne7 10. f4 Nc6 11. e5 d6 12. exd6 Bxd6 13. Qh5 Bb7 14. Ne4 O-O-O 15. Be3 Be7 16. Bb1 g6 17. Qe2 Nd4 18. Qf2 f5 19. Nc3 h6 20. Ne2 g5 21. Nxd4 cxd4 22. Bd2 gxf4 23. Bxf4 e5 24. Bxf5+ Kb8 25. Bg3 Rhf8 26. Rae1 Bd6 27. Qe2 Ka8 28. Be4 Rxf1+ 29. Rxf1 d3 30. Bxd3 Qc6 31. Bf5 Rf8 32. Bh3 Rg8 33. Kh1 Bb8 34. b4 Rd8 35. b5 axb5 36. cxb5 Qc3 37. Qg4 Rd4 38. Qg8 Qd3 39. Re1 Qxb5 40. Qb3 Rb4 41. Qa3+ Ba7 42. Bxe5 Bc6 43. Bg3 Qc5 44. Bf2 

1-0

[Event "ESP-chT"]
[Site "?"]
[Date "1998.??.??"]
[Round "?"]
[White "De La Riva Aguado, Oscar"]
[Black "Gomez Esteban, Juan Mario"]
[WhiteElo "2510"]
[BlackElo "2475"]
[Result "1-0"]

1. e4 e5 2. Nf3 Nc6 3. d4 exd4 4. Nxd4 Bc5 5. Be3 Bb6 6. Nf5 Bxe3 7. Nxe3 Nf6 8. Nc3 O-O 9. g3 d6 10. Bg2 Ne5 11. h3 Be6 12. b3 Qc8 13. f4 Nc6 14. g4 Qd8 15. O-O Kh8 16. Qd2 Ng8 17. Ncd5 f6 18. Qc3 Nge7 19. Rae1 Bg8 20. Rf2 Nxd5 21. exd5 Ne7 22. Qd4 Qd7 23. Rfe2 a5 24. Kh2 Rae8 25. Kg3 b6 26. a4 Bf7 27. Be4 Bg6 28. f5 Bf7 29. Ng2 Ng8 30. Nf4 Re5 31. Bd3 Ne7 32. Ne6 Rg8 33. c4 Rc8 34. Be4 Rg8 35. Qf2 h6 36. h4 Rb8 37. Qf3 Kg8 38. Kh2 Bxe6 39. dxe6 Qd8 40. Rg1 d5 41. cxd5 Nxd5 42. g5 fxg5 43. hxg5 hxg5 44. Reg2 Qf6 45. Rxg5 Qh6+ 46. Rh5 Qd2+ 47. Kh1 Nf6 48. Rhg5 Rxe4 49. Rxg7+ Kf8 50. Rf7+ Ke8 51. Qh5 Kd8 52. Qh8+ Ne8 53. Qxe8+ 

1-0

[Event "22nd Open"]
[Site "?"]
[Date "2004.07.05"]
[Round "?"]
[White "De La Riva Aguado, Oscar"]
[Black "Pedersen, Nv"]
[WhiteElo "2552"]
[BlackElo "2471"]
[Result "1-0"]

1. e4 e5 2. Nf3 Nc6 3. Bb5 Nf6 4. O-O Nxe4 5. d4 Nd6 6. dxe5 Nxb5 7. a4 Nbd4 8. Nxd4 Nxd4 9. Qxd4 d5 10. exd6 Qxd6 11. Qe3+ Be6 12. Nc3 Qb6 13. Nb5 Bc5 14. Qg3 O-O-O 15. Bf4 Rd7 16. b4 Bxb4 17. Rab1 Qa5 18. Bxc7 b6 19. Bd6 Qxb5 20. axb5 Bxd6 21. Qxg7 Rhd8 22. Qxh7 Bc5 23. Qe4 Bd5 24. Qf5 Be6 25. Qf3 Bd5 26. Qh5 Rg8 27. g3 Be6 28. Rbd1 Rc7 29. Rfe1 Bc4 30. Qf5+ Kb8 31. Rd7 Rgc8 32. Rxc7 Kxc7 33. Kg2 Bxb5 34. h4 Bc6+ 35. Kh2 a5 36. h5 Bb4 37. c3 Bd6 38. h6 Bd7 39. Qf6 

1-0

[Event "Catalunya-chT"]
[Site "?"]
[Date "1998.??.??"]
[Round "?"]
[White "De La Riva Aguado, Oscar"]
[Black "Gual Pascual, Antonio"]
[WhiteElo "2530"]
[BlackElo "2470"]
[Result "1-0"]

1. e4 d6 2. d4 Nf6 3. Bd3 e5 4. c3 d5 5. dxe5 Nxe4 6. Nf3 Nc6 7. h3 g6 8. Nbd2 Nc5 9. Nb3 Nxd3+ 10. Qxd3 Bf5 11. Qe2 Be4 12. Nbd2 Bxf3 13. Nxf3 Bg7 14. O-O O-O 15. Bf4 Re8 16. Rad1 a6 17. Rfe1 Qd7 18. Qd2 Rad8 19. Bg5 Ne7 20. Nd4 Qa4 21. b3 Qa3 22. Bf6 c5 23. Nf3 h6 24. Re2 Qa5 25. h4 Rc8 26. h5 gxh5 27. Bxe7 Rxe7 28. Qxd5 Qxc3 29. e6 Kh8 30. Ne5 Bxe5 31. Rxe5 fxe6 32. Rxe6 Qg7 33. Rxe7 Qxe7 34. Qxh5 Rc6 35. Rd3 Re6 36. Re3 Kg7 37. Qg4+ Kf7 38. Qf5+ Qf6 39. Qd5 Qe7 40. Qf5+ Qf6 41. Qh5+ 

1-0

[Event "ESP-chT"]
[Site "?"]
[Date "1992.??.??"]
[Round "?"]
[White "De La Riva Aguado, Oscar"]
[Black "Todorcevic Antic, Miodrag"]
[WhiteElo "2365"]
[BlackElo "2470"]
[Result "1-0"]

1. e4 g6 2. d4 Bg7 3. c3 d6 4. Nf3 Nf6 5. Bd3 O-O 6. O-O Nc6 7. Re1 Bg4 8. Nbd2 e5 9. h3 Bd7 10. dxe5 Nxe5 11. Nxe5 dxe5 12. Nc4 Nh5 13. a4 Qh4 14. Be2 Be6 15. Bxh5 Bxc4 16. Bf3 f5 17. exf5 Rad8 18. Qc2 gxf5 19. a5 e4 20. Be2 Bd5 21. Ra4 Kh8 22. Bf1 f4 23. Raxe4 Bxe4 24. Rxe4 Qg5 25. Qa4 Rd5 26. Bxf4 Qd8 27. Be2 c6 28. a6 b5 29. Qb4 Qc8 30. Re7 Qf5 31. Bg3 Rd2 32. Kh2 Qg5 33. h4 Qg6 34. Bf3 c5 35. Qxc5 Rxb2 36. Rxg7 

1-0

[Event "Barcelona Vulca"]
[Site "?"]
[Date "1991.??.??"]
[Round "?"]
[White "De La Riva Aguado, Oscar"]
[Black "Rodriguez Vargas, Orestes"]
[WhiteElo "2360"]
[BlackElo "2470"]
[Result "1-0"]

1. e4 c5 2. Nf3 d6 3. d4 cxd4 4. Nxd4 Nf6 5. Nc3 Nc6 6. Be3 e5 7. Nf3 h6 8. Bc4 Be7 9. O-O O-O 10. Qe2 Na5 11. Bb3 Nxb3 12. axb3 a6 13. Rfd1 Qe8 14. Nd2 Be6 15. Nc4 Rd8 16. Bb6 Bxc4 17. bxc4 Rc8 18. b3 Qc6 19. Ba5 Bd8 20. Bb4 Bc7 21. Rd3 Rfd8 22. Rad1 Qb6 23. Ba3 Qa5 24. Bc1 Bb8 25. Rg3 Kf8 26. Qf3 Ng8 27. Nd5 Re8 28. Qf5 Re6 29. Rf3 

1-0

[Event "LXVIII Spanish Championship Gp B"]
[Site "?"]
[Date "2003.10.26"]
[Round "?"]
[White "De La Riva Aguado, Oscar"]
[Black "Gomez Esteban, Juan Mario"]
[WhiteElo "2549"]
[BlackElo "2465"]
[Result "1-0"]

1. e4 c6 2. d4 d5 3. e5 Bf5 4. Be3 e6 5. Nd2 Nd7 6. c3 Ne7 7. f4 Bg6 8. Ngf3 c5 9. Be2 Nc6 10. O-O Be7 11. g4 h5 12. h3 hxg4 13. hxg4 cxd4 14. Nxd4 Nxd4 15. cxd4 Ba3 16. Qe1 Bxb2 17. f5 Bxf5 18. gxf5 Bxd4 19. Qg3 Bxe3+ 20. Qxe3 Qh4 21. Qf4 Qh1+ 22. Kf2 Qh2+ 23. Ke3 Qxf4+ 24. Kxf4 Rh2 25. Rae1 Ke7 26. Nf3 Rhh8 27. Rg1 Rhg8 28. Nd4 Rac8 29. Rg3 Nxe5 30. Kxe5 f6+ 

1-0

[Event "Championship CAT"]
[Site "?"]
[Date "2014.03.22"]
[Round "?"]
[White "De La Riva Aguado, Oscar"]
[Black "Munoz Pantoja, Miguel"]
[WhiteElo "2526"]
[BlackElo "2462"]
[Result "1-0"]

1. e4 d5 2. exd5 Qxd5 3. Nc3 Qa5 4. d4 Nf6 5. Nf3 Bg4 6. h3 Bh5 7. g4 Bg6 8. Ne5 e6 9. h4 Bb4 10. Bd2 Nbd7 11. Nxd7 Kxd7 12. h5 Be4 13. Nxe4 Nxe4 14. c3 Bd6 15. Be3 f5 16. Bg2 Nf6 17. gxf5 exf5 18. Qb3 Rhe8 19. O-O-O Rab8 20. Bh3 Rf8 21. Rdg1 Nxh5 22. Bf1 g6 23. Rxh5 gxh5 24. Rg7+ Be7 25. Bb5+ 

1-0

[Event "France, Top 16 Rounds 4-6"]
[Site "?"]
[Date "2004.04.02"]
[Round "?"]
[White "De La Riva Aguado, Oscar"]
[Black "Legky, Nikolay A"]
[WhiteElo "2549"]
[BlackElo "2460"]
[Result "1-0"]

1. e4 e6 2. d4 d5 3. Nc3 h6 4. Bd3 Nc6 5. Nf3 Nb4 6. Bb5+ c6 7. Be2 Nf6 8. e5 Ne4 9. O-O c5 10. Be3 Nxc3 11. bxc3 Nc6 12. dxc5 Qa5 13. Nd4 Qxc3 14. Nb5 Qxe5 15. Qd2 Qb8 16. c4 d4 17. Nxd4 Nxd4 18. Bxd4 Bd7 19. Rfe1 Qc7 20. Bf3 Bc6 21. Be5 Qd7 22. Qf4 Bxf3 23. Qxf3 Qc6 24. Qxc6+ bxc6 25. Rab1 h5 26. Bd6 Bxd6 27. cxd6 Kd7 28. c5 Rab8 29. a4 h4 30. f4 a5 31. Kf2 Rb4 32. Rxb4 axb4 33. Ke3 Ra8 34. Ra1 Ra5 35. Kd4 b3 36. Rb1 Rxa4+ 37. Kc3 Ra5 38. Kc4 Ra4+ 39. Kxb3 Rxf4 40. Kc3 Rf2 41. Rb7+ Kd8 42. Rc7 h3 43. gxh3 Rf3+ 44. Kb4 Rf4+ 45. Ka5 e5 46. Kb6 

1-0

[Event "San Sebastian op"]
[Site "?"]
[Date "1995.??.??"]
[Round "?"]
[White "De La Riva Aguado, Oscar"]
[Black "Pogorelov, Ruslan"]
[WhiteElo "2425"]
[BlackElo "2440"]
[Result "1-0"]

1. e4 c5 2. Nf3 e6 3. d4 cxd4 4. Nxd4 Nf6 5. Nc3 d6 6. Be3 a6 7. f3 b5 8. g4 h6 9. Qd2 Bb7 10. O-O-O Nbd7 11. Bd3 Ne5 12. Rhe1 Qc7 13. Kb1 Nfd7 14. h4 Nb6 15. Qf2 Nbc4 16. Bc1 b4 17. Nce2 g6 18. Qg1 Nd7 19. Nf4 Nce5 20. b3 Nc5 21. Bb2 Bg7 22. Nh3 O-O 23. f4 Nexd3 24. cxd3 e5 25. h5 exd4 26. g5 Rfc8 27. gxh6 Nxd3 28. Rxd3 Qc2+ 29. Ka1 Qxd3 30. hxg6 f6 31. Qg4 Re8 32. Qd7 

1-0

[Event "Pamplona op"]
[Site "?"]
[Date "1997.??.??"]
[Round "?"]
[White "De La Riva Aguado, Oscar"]
[Black "Pomes Marcet, Juan"]
[WhiteElo "2460"]
[BlackElo "2430"]
[Result "1-0"]

1. e4 e6 2. d4 d5 3. Nc3 Bb4 4. e5 c5 5. a3 Ba5 6. b4 cxd4 7. Nb5 Bc7 8. f4 Ne7 9. Nf3 Nbc6 10. Bd3 Nf5 11. Nxc7+ Qxc7 12. Qd2 Bd7 13. Bb2 Rc8 14. O-O O-O 15. Rfe1 a6 16. Kh1 g6 17. Qf2 f6 18. Bxf5 exf5 19. Nxd4 Nxd4 20. Bxd4 fxe5 21. Rxe5 Rfe8 22. c3 Rxe5 23. Bxe5 Qd8 24. Rd1 Be6 25. h3 Qd7 26. Qe1 Bf7 27. Kh2 Qe7 28. Qf2 Rc6 29. Re1 Re6 30. Qd4 Rc6 31. Qd2 Qd7 32. Qf2 Re6 33. Rd1 Rc6 34. Qh4 b5 35. Qh6 Be6 36. Re1 Qf7 37. Bd4 Qf8 38. Qh4 

1-0

[Event "Banc Agricol Blitz"]
[Site "?"]
[Date "2001.06.23"]
[Round "?"]
[White "Shirov, Alexei"]
[Black "De La Riva Aguado, Oscar"]
[WhiteElo "2722"]
[BlackElo "2496"]
[Result "0-1"]

1. d4 f5 2. g3 Nf6 3. Bg2 g6 4. Nf3 Bg7 5. O-O O-O 6. b3 d6 7. Bb2 Qe8 8. c4 Na6 9. Nc3 c6 10. Ba3 Rb8 11. Re1 b5 12. cxb5 cxb5 13. Bb2 b4 14. Na4 Nc7 15. Nd2 Bb7 16. Bxb7 Rxb7 17. Rc1 Ncd5 18. e4 fxe4 19. Nxe4 Nxe4 20. Rxe4 Qf7 21. Qe2 Rbb8 22. Rf1 Rbc8 23. f3 Rc7 24. Rf2 Rfc8 25. Kg2 Bf6 26. Qd2 Nc3 27. Bxc3 bxc3 28. Qc2 Qd5 29. Rfe2 Bxd4 30. Rxe7 Rxe7 31. Rxe7 Be5 32. Kf2 Rf8 33. f4 Qh1 34. Ke3 Bf6 35. Qe4 Qc1+ 36. Kf3 Bxe7 37. Qxe7 Qd1+ 38. Kg2 Qd5+ 39. Kh3 c2 40. Qc7 Qe6+ 41. Kg2 Qe2+ 42. Kh3 Qf1+ 

0-1

[Event "6th Andorra op"]
[Site "?"]
[Date "1998.??.??"]
[Round "?"]
[White "Baburin, Alexander"]
[Black "De La Riva Aguado, Oscar"]
[WhiteElo "2600"]
[BlackElo "2495"]
[Result "0-1"]

1. d4 f5 2. g3 Nf6 3. Bg2 g6 4. Nf3 Bg7 5. O-O O-O 6. c4 d6 7. Nc3 c6 8. d5 e5 9. dxe6 Bxe6 10. Qd3 Ng4 11. b3 Na6 12. Bb2 Qe7 13. Rad1 Rad8 14. Nd4 Nc5 15. Qc2 Bd7 16. e3 Rfe8 17. h3 Nf6 18. b4 Nce4 19. b5 h5 20. Nxe4 Nxe4 21. bxc6 bxc6 22. Nf3 Rb8 23. Rb1 c5 24. h4 Ba4 25. Qxa4 Bxb2 26. Qc2 Bf6 27. Rb3 Qc7 28. Nd2 Nxd2 29. Qxd2 Rxb3 30. axb3 Kh7 31. Rd1 Re6 32. Qd5 Qe7 33. Rd2 a5 34. Rd3 f4 35. gxf4 Bxh4 36. f5 Rf6 37. fxg6+ Kg7 38. f4 Rxg6 39. Kf1 Qf6 40. Rd1 Qb2 41. Qd2 Qxb3 42. Be4 Qxc4+ 43. Bd3 Qd5 44. Bxg6 Qf3+ 45. Kg1 Bf2+ 46. Qxf2 Qxd1+ 47. Kh2 Kxg6 48. Qg2+ Qg4 49. Qd5 Qe2+ 50. Kh1 Qxe3 51. Qg5+ Kf7 52. Qxh5+ Ke7 53. Qh7+ Kf6 54. Qh6+ Kf5 55. Qg5+ Ke4 56. Qe7+ Kf3 

0-1

[Event "Zaragoza op"]
[Site "?"]
[Date "1993.??.??"]
[Round "?"]
[White "Tukmakov, Vladimir B"]
[Black "De La Riva Aguado, Oscar"]
[WhiteElo "2600"]
[BlackElo "2400"]
[Result "0-1"]

1. d4 g6 2. Nf3 Bg7 3. g3 f5 4. Bg2 Nf6 5. O-O O-O 6. c4 d6 7. Nc3 Qe8 8. d5 Na6 9. Rb1 c5 10. dxc6 bxc6 11. b4 Bd7 12. a3 Nc7 13. Bb2 Rd8 14. Qb3 Kh8 15. Rbd1 c5 16. b5 h6 17. Rfe1 Qf7 18. e4 Be6 19. Nd5 fxe4 20. Bxf6 exf6 21. Rxe4 f5 22. Ree1 Nxd5 23. cxd5 Bc8 24. Nd2 f4 25. Ne4 g5 26. a4 Qc7 27. Bf1 Rde8 28. f3 g4 29. Bg2 Be5 30. Rf1 gxf3 31. Bxf3 c4 32. Qc2 Rg8 33. Bg2 Ref8 34. Rc1 c3 35. gxf4 Bh3 36. Ng3 Qc5+ 37. Kh1 Bxg2+ 38. Qxg2 Bxf4 39. Rc2 Bd2 40. Rxf8 Rxf8 41. Rxd2 cxd2 42. Qxd2 Rf6 43. Kg2 Kg8 44. Kh3 Qc8+ 45. Kg2 Qc4 46. Qd1 Qf4 47. a5 Qf2+ 48. Kh3 Qf3 49. Qd2 Rf4 50. Qc1 Qg4+ 51. Kg2 h5 52. b6 axb6 53. axb6 h4 54. b7 Rf8 

0-1

[Event "Ibercaja op-A"]
[Site "?"]
[Date "1996.??.??"]
[Round "?"]
[White "Romanishin, Oleg M"]
[Black "De La Riva Aguado, Oscar"]
[WhiteElo "2590"]
[BlackElo "2470"]
[Result "0-1"]

1. d4 f5 2. g3 Nf6 3. Bg2 g6 4. Nh3 e6 5. c3 Nc6 6. Nd2 Bg7 7. Nf4 d6 8. e4 e5 9. dxe5 dxe5 10. Nd5 O-O 11. O-O Be6 12. Nxf6+ Qxf6 13. exf5 gxf5 14. Nb3 Rad8 15. Qh5 h6 16. Be3 Bf7 17. Qe2 f4 18. Bc5 Rfe8 19. Nd2 e4 20. Nxe4 Qf5 21. Ba3 Ne5 22. f3 Bc4 23. Qc2 Bxf1 24. Rxf1 Qf7 25. Bc5 Nd3 26. b4 b6 27. Bf2 Qc4 28. g4 Nxf2 29. Qxf2 Bxc3 30. Rc1 Qxe4 31. fxe4 Bd4 32. Rxc7 Bxf2+ 33. Kxf2 Rd2+ 34. Kf3 Rxa2 35. Rc3 Rb2 36. Bf1 Rxb4 37. Bc4+ Kg7 38. Bd5 Re7 39. Kxf4 Rb1 40. h4 Rf1+ 41. Kg3 Rf8 42. g5 hxg5 43. hxg5 b5 44. Rc5 Rb8 45. Kf4 b4 46. Bb3 Rf8+ 47. Ke3 Rfe8 48. Bd5 Rb8 49. Bb3 Rbe8 50. Bd5 Rb8 51. Bb3 Kg6 52. Kf4 Rf8+ 53. Ke3 Rh8 54. Kd4 Rh3 55. Bd5 Ra3 56. Rb5 a5 57. Kc5 Kxg5 58. Kd6 Ra7 59. e5 Re3 60. e6 Kf6 61. Rb8 Ra6+ 62. Kc5 Raxe6 63. Bxe6 Rxe6 64. Kb5 Re5+ 65. Ka4 Kf5 66. Rd8 Ke4 67. Rd1 Rc5 68. Rh1 Kd3 69. Rh3+ Kc2 70. Rh5 Rc8 71. Rh2+ Kb1 72. Rh1+ Kb2 73. Rh2+ Rc2 74. Rh3 Ka2 

0-1

[Event "3rd Capablanca Memorial Premier"]
[Site "?"]
[Date "1998.05.11"]
[Round "?"]
[White "Siegel, Georg"]
[Black "De La Riva Aguado, Oscar"]
[WhiteElo "2540"]
[BlackElo "2495"]
[Result "0-1"]

1. d4 f5 2. g3 Nf6 3. Bg2 g6 4. Nf3 Bg7 5. c4 O-O 6. Nc3 d6 7. O-O c6 8. d5 e5 9. dxe6 Bxe6 10. Qd3 Ng4 11. Ng5 Bc8 12. Qc2 Na6 13. Nf3 Nc5 14. b3 Qe7 15. Bb2 f4 16. Rad1 Bf5 17. Qd2 fxg3 18. hxg3 Rad8 19. b4 Bh6 20. Qe1 Nd7 21. e4 Be6 22. Qe2 Nde5 23. Nxe5 Nxe5 24. Rd4 Qf7 25. f4 Bxc4 26. fxe5 Bxe2 27. Rxf7 Be3+ 

0-1

[Event "Championship CAT Division Hon"]
[Site "?"]
[Date "2013.01.26"]
[Round "?"]
[White "Alsina Leal, Daniel"]
[Black "De La Riva Aguado, Oscar"]
[WhiteElo "2511"]
[BlackElo "2522"]
[Result "0-1"]

1. e4 g6 2. d4 Bg7 3. Nc3 c6 4. f4 d5 5. e5 Qb6 6. Na4 Qc7 7. Nf3 Nh6 8. Bd3 Na6 9. O-O b5 10. Nc5 Nxc5 11. dxc5 f6 12. Qe1 O-O 13. Bd2 a5 14. Bc3 b4 15. Bd4 Bf5 16. Qe2 Rab8 17. Rae1 a4 18. b3 axb3 19. axb3 Ra8 20. Ra1 Qb7 21. Rxa8 Qxa8 22. Ra1 Qb7 23. h3 Bxd3 24. cxd3 Nf5 25. Bf2 fxe5 26. Nxe5 Nh6 27. g3 Nf7 28. Bd4 Bxe5 29. Bxe5 Ra8 30. Rxa8+ Qxa8 31. Bd4 Kf8 32. Qe6 Ke8 33. h4 Qb7 34. Kg2 Qd7 35. Qe2 h5 36. Bf6 Nh6 37. Bd4 Nf5 38. Bf2 Kf7 39. Qe1 Qb7 40. Qa1 Qb5 41. Qb1 Qa6 42. Kf3 Qa3 43. Kg2 Qa8 44. Qb2 Qa6 45. Qb1 Qc8 46. Qa1 Qe6 47. Kf3 d4 48. Qe1 Qxb3 49. Qe4 Qc3 50. Qxc6 Qxd3+ 51. Kg2 Qc4 52. Qc8 Qd5+ 53. Kf1 b3 54. c6 b2 55. Qb7 Nxg3+ 

0-1

[Event "Catalunya-chT"]
[Site "?"]
[Date "1998.??.??"]
[Round "?"]
[White "Movsziszian, Karen"]
[Black "De La Riva Aguado, Oscar"]
[WhiteElo "2505"]
[BlackElo "2530"]
[Result "0-1"]

1. e4 c5 2. d3 d5 3. Nd2 Nc6 4. g3 e6 5. Bg2 g6 6. Ngf3 Bg7 7. O-O Nge7 8. Re1 O-O 9. h4 h6 10. e5 f6 11. exf6 Rxf6 12. Nf1 Qd6 13. Ne3 Kh7 14. c4 Bd7 15. Rb1 Raf8 16. a3 a5 17. b3 R6f7 18. Bb2 Nd4 19. Bxd4 cxd4 20. Ng4 Nc6 21. c5 Qxc5 22. b4 axb4 23. axb4 Qd6 24. b5 Ne7 25. Rb2 Rf5 26. Qe2 h5 27. Ngh2 e5 28. Bh3 e4 29. Bxf5 gxf5 30. Ng5+ Kg6 31. Kh1 Ng8 32. Rd1 Nf6 33. Qd2 Ng4 34. Nxg4 hxg4 35. Kg2 Qe5 36. Re1 e3 37. Qb4 f4 38. Rc2 f3+ 39. Kg1 Re8 40. Rec1 Bf8 41. Qa5 exf2+ 42. Kxf2 Qe3+ 43. Kf1 Qxd3+ 44. Kg1 Qe3+ 45. Kh1 d3 46. Rd2 Bd6 47. Rg1 f2 48. Rf1 Qxg3 

0-1

[Event "FRA-chT 9900"]
[Site "?"]
[Date "2000.04.30"]
[Round "?"]
[White "Roos, Daniel"]
[Black "De La Riva Aguado, Oscar"]
[WhiteElo "2421"]
[BlackElo "2443"]
[Result "0-1"]

1. d4 f5 2. g3 Nf6 3. Bg2 g6 4. c3 Bg7 5. Nd2 Nc6 6. Qb3 d5 7. Nh3 e5 8. dxe5 Nxe5 9. O-O O-O 10. Nf4 c6 11. c4 d4 12. c5+ Nf7 13. h4 Qe7 14. Qc2 Rd8 15. Rb1 Be6 16. Nc4 Bd5 17. Nxd5 Nxd5 18. Na5 Rd7 19. a3 Re8 20. Bd2 f4 21. Bxd5 Rxd5 22. Bxf4 Rxc5 23. Qd2 h6 24. e3 dxe3 25. Bxe3 Rd5 26. Qb4 Qxb4 27. axb4 Rb5 28. Rfd1 Ne5 29. Bxa7 Rxb4 30. f4 Ng4 31. Rd7 Nf6 32. Rxb7 Rxb7 33. Nxb7 Re7 34. Na5 Rxa7 35. Nxc6 Rc7 36. Ne5 Ne4 37. Nxg6 Bd4+ 38. Kg2 Rc2+ 39. Kh3 h5 40. g4 Nf2+ 41. Kg3 Nxg4 42. Rd1 Bxb2 43. Rd7 Rc3+ 44. Kg2 Re3 45. Ne7+ Kf8 46. Ng6+ Ke8 47. Rb7 Bd4 48. Rc7 Nf6 49. f5 Ne4 50. Re7+ Kd8 51. Re6 Kc7 52. Nf4 Rg3+ 53. Kh1 Nf2+ 54. Kh2 Rg4 55. Nd5+ Kd7 56. Nf6+ Bxf6 57. Rxf6 Ne4 58. Rf7+ Ke8 

0-1